[Event "WCh Women"]
[Site "Antakya TUR"]
[Date "2010.12.12"]
[Round "3.6"]
[White "Muzychuk, Mariya"]
[Black "Harika, Dronavalli"]
[Result "0-1"]
[WhiteElo "2462"]
[BlackElo "2525"]
[PlyCount "66"]
[EventDate "2010.12.04"]

1. e4 e5 2. Nf3 Nc6 3. d4 exd4 4. Nxd4 Nf6 5. Nxc6 bxc6 6. e5 Qe7 7. Qe2 Nd5 8.
c4 Nb6 9. Nc3 Qe6 10. Qe4 Bb7 11. Bd3 Bb4 12. Bd2 O-O-O 13. O-O-O c5 14. Qf4 g5
15. Qxg5 Nxc4 16. Bxc4 Qxc4 17. Qf4 Qe6 18. f3 Bxc3 19. Bxc3 Qxa2 20. Kc2 Rhg8
21. Rhg1 Bd5 22. Ra1 Qb3+ 23. Kd2 d6 24. e6 fxe6 25. Rxa7 Qb6 26. Ra3 Rdf8 27.
Qe3 Kd7 28. Ra4 Qb3 29. Rh4 Rf7 30. Qd3 c4 31. Qe3 Qb6 32. Bd4 Qb7 33. Rf4 e5
0-1

[Event "WCh Women"]
[Site "Antakya TUR"]
[Date "2010.12.12"]
[Round "3.7"]
[White "Muzychuk, Mariya"]
[Black "Harika, Dronavalli"]
[Result "0-1"]
[WhiteElo "2462"]
[BlackElo "2525"]
[PlyCount "111"]
[EventDate "2010.12.04"]

1. e4 e5 2. Nf3 Nc6 3. Bc4 Bc5 4. b4 Bb6 5. a4 a6 6. c3 d6 7. d3 h6 8. O-O Nf6
9. Re1 O-O 10. h3 Be6 11. Nbd2 Re8 12. Qb3 d5 13. exd5 Bxd5 14. Ne4 Bxc4 15.
Qxc4 Nxe4 16. dxe4 Qf6 17. a5 Ba7 18. Be3 Bxe3 19. Rxe3 Qe6 20. Qe2 Rad8 21. b5
Nb8 22. c4 Nd7 23. Rd1 Nc5 24. Rd5 Rxd5 25. exd5 Qg6 26. Rxe5 Rxe5 27. Qxe5
axb5 28. cxb5 Qb1+ 29. Kh2 Qxb5 30. Qxc7 Nd7 31. d6 g6 32. Qd8+ Kg7 33. Qe7 Qf5
34. Kg1 Qb1+ 35. Kh2 Qf5 36. Kg3 g5 37. Kh2 Qf4+ 38. Kg1 Qc1+ 39. Ne1 Nf6 40.
Kf1 Qc4+ 41. Kg1 Qc1 42. Kh2 Qf4+ 43. Kg1 Qc1 44. Kf1 Qc4+ 45. Kg1 Qc1 46. Kh2
Qf4+ 47. Kg1 Qc1 48. g3 Qd1 49. Kg2 Qd5+ 50. Nf3 h5 51. Qe5 Qxe5 52. Nxe5 Kf8
53. Kf3 Ke8 54. Ke3 g4 55. hxg4 hxg4 56. Kd4 0-1

[Event "WWCC 2010"]
[Site "Antakya/Turkey"]
[Date "2010.12.17"]
[Round "5.2"]
[White "Zhao Xue"]
[Black "Ruan, Lufei"]
[Result "1/2-1/2"]
[WhiteElo "2462"]
[BlackElo "2480"]
[Annotator "Robot 3"]
[PlyCount "44"]
[EventDate "2010.??.??"]
[TimeControl "40/5400+30:1800+30"]

1. d4 d5 2. c4 c6 3. Nf3 Nf6 4. Nc3 dxc4 5. a4 Bf5 6. Ne5 e6 7. f3 c5 8. e4 Bg6
9. Be3 cxd4 10. Qxd4 Qxd4 11. Bxd4 Nfd7 12. Nxd7 Nxd7 13. Bxc4 a6 14. Ke2 Rg8
15. h4 h6 16. h5 Bh7 17. Bf2 Rc8 18. Ba2 Bb4 19. Bh4 Be7 20. Bg3 Bb4 21. Bh4
Be7 22. Bf2 Bb4 1/2-1/2